Химия 1.6 / 2021: электронный курс
| Hovedforfatter: | |
|---|---|
| Institution som forfatter: | |
| Andre forfattere: | , |
| Summary: | Заглавие с экрана Основной целью курса "Химия 1.6" является формирование современного химического мировоззрения и навыков самостоятельной работы, необходимых для использования химических знаний при изучении специальных дисциплин и дальнейшей практической деятельности. Доступ по логину и паролю |
| Sprog: | russisk |
| Udgivet: |
Томск, TPU Moodle, 2021
|
| Fag: | |
| Online adgang: | https://design.lms.tpu.ru/course/view.php?id=4136 |
| Format: | MixedMaterials Electronisk Bog |
| KOHA link: | https://koha.lib.tpu.ru/cgi-bin/koha/opac-detail.pl?biblionumber=666093 |
MARC
| LEADER | 00000nlm0a2200000 4500 | ||
|---|---|---|---|
| 001 | 666093 | ||
| 005 | 20240109143719.0 | ||
| 035 | |a (RuTPU)RU\TPU\network\37297 | ||
| 035 | |a RU\TPU\network\37296 | ||
| 090 | |a 666093 | ||
| 100 | |a 20211203d2021 m y0rusy50 ca | ||
| 101 | 0 | |a rus | |
| 102 | |a RU | ||
| 105 | |a a j 000zy | ||
| 135 | |a jrcn ---uucaa | ||
| 181 | 0 | |a i | |
| 182 | 0 | |a b | |
| 200 | 1 | |a Химия 1.6 / 2021 |e электронный курс |f К. И. Мачехина, П. В. Абрамова, Е. А. Вайтулевич |g Национальный исследовательский Томский политехнический университет, Школа базовой инженерной подготовки, Отделение естественных наук | |
| 203 | |a Текст |c электронный | ||
| 210 | |a Томск |c TPU Moodle |d 2021 | ||
| 300 | |a Заглавие с экрана | ||
| 330 | |a Основной целью курса "Химия 1.6" является формирование современного химического мировоззрения и навыков самостоятельной работы, необходимых для использования химических знаний при изучении специальных дисциплин и дальнейшей практической деятельности. | ||
| 333 | |a Доступ по логину и паролю | ||
| 606 | 1 | |a Химия |2 stltpush |3 (RuTPU)RU\TPU\subj\17362 |9 43035 | |
| 610 | 1 | |a электронный ресурс | |
| 610 | 1 | |a труды учёных ТПУ | |
| 610 | 1 | |a электронное обучение | |
| 610 | 1 | |a электронные курсы ТПУ | |
| 610 | 1 | |a электронные учебные пособия | |
| 610 | 1 | |a учебные пособия | |
| 610 | 1 | |a электронное образование | |
| 610 | 1 | |a дистанционное обучение | |
| 610 | 1 | |a дистанционное образование | |
| 610 | 1 | |a химические понятия | |
| 610 | 1 | |a химические законы | |
| 610 | 1 | |a строение вещества | |
| 610 | 1 | |a химические процессы | |
| 610 | 1 | |a дисперсные системы | |
| 675 | |a 54(075.8) |v 4 | ||
| 700 | 1 | |a Мачехина |b К. И. |c химик-технолог |c инженер, доцент Томского политехнического университета, кандидат технических наук |f 1987- |g Ксения Игоревна |3 (RuTPU)RU\TPU\pers\28100 |9 13058 | |
| 701 | 1 | |a Абрамова |b П. В. |c химик |c доцент Томского политехнического университета, кандидат химических наук |f 1988- |g Полина Владимировна |3 (RuTPU)RU\TPU\pers\30187 |9 14581 | |
| 701 | 1 | |a Вайтулевич |b Е. А. |c химик |c доцент Томского политехнического университета, кандидат химических наук |f 1967- |g Елена Анатольевна |3 (RuTPU)RU\TPU\pers\30030 |9 14464 | |
| 712 | 0 | 2 | |a Национальный исследовательский Томский политехнический университет |b Школа базовой инженерной подготовки |b Отделение естественных наук |3 (RuTPU)RU\TPU\col\23562 |
| 801 | 2 | |a RU |b 63413507 |c 20220627 |g RCR | |
| 856 | 4 | |u https://design.lms.tpu.ru/course/view.php?id=4136 | |
| 942 | |c CF | ||